000 005530000a22001810004500
003 MACL
005 20160310164437.0
008 160310b xxu||||| |||| 00| 0 eng d
040 _aMACL
_cMACL
041 _aHindi
082 _a891.433
100 _aप्रभाकर कन्‍हैयालाल मिश्र
_944683
245 _aइंदिरा गांधी
260 _bसरस्‍वती विहार
_c1980
_aनई दिल्‍ली
350 _a12
650 _aBiography
_944684
942 _cHIN
_k920
_2ddc
999 _c27443
_d27443